000 01708nam a2200301 a 4500
001 ASIN386654037X
003 OSt
005 20180116192425.0
008 150128s2007 xxu eng d
020 _a386654037X (hardcover)
_c$119.95
020 _a9783866540378 (hardcover)
020 _a9783866540378
040 _c0
050 0 4 _aTS171.6
082 0 4 _a745.2
245 1 0 _aDesign inspirations /
_cDaab Books.
250 _aBox ed.
260 _aLondon :
_bdaab,
_c2007.
300 _a700 p. ;
_c33 cm.
490 1 _aInspiartions bks.
520 _aTechnological developments, social and global trends and issues influence the current projects and work approach of designers. Also materials and production methods have never had a bigger influence on up-to-date design than in the age of nanotechnology and biopolymers. Nowadays objects are not regarded purely esthetic anymore, the functionality of design will gain more and more importance in the future. This fourth volume of the Inspiration series offers a comprehensive overview of projects and products of international designers on over 700 pages. This extremly fascinating and inspiring mix portrays the latest developments in a captivating and informative manner. The book is divided into the chapters: furniture, household, industrial design, lighting and textiles. An index with contact information of the designers and architects is enclosed.
650 0 _aIndustrial design
_97919
700 1 _aBooks, Daab.
_97920
830 0 _aInspiartions bks.
_97921
856 4 0 _3Amazon.com
_uhttp://www.amazon.com/exec/obidos/ASIN/386654037X/chopaconline-20
942 _2ddc
_cREF
999 _c354041
_d354041